| 000 | 01215nam a2200301Ia 4500 | ||
|---|---|---|---|
| 001 | ebr10408862 | ||
| 003 | CaPaEBR | ||
| 006 | m u | ||
| 007 | cr cn||||||||| | ||
| 008 | 850429s1985 alua sb 001 0 eng d | ||
| 010 | _z 83018027 | ||
| 020 | _z9780817356194 | ||
| 020 | _z0817302123 | ||
| 040 |
_aCaPaEBR _cCaPaEBR |
||
| 035 | _a(OCoLC)656739451 | ||
| 050 | 1 | 4 |
_aF2278 _b.H39 1985eb |
| 100 | 1 |
_aHenderson, James D., _d1942- |
|
| 245 | 1 | 0 |
_aWhen Colombia bled _h[electronic resource] : _ba history of the violencia in Tolima / _cJames D. Henderson. |
| 260 |
_aUniversity, AL : _bUniversity of Alabama Press, _cc1985. |
||
| 300 |
_a352 p. : _bill. |
||
| 504 | _aIncludes bibliographical references and index. | ||
| 533 |
_aElectronic reproduction. _bPalo Alto, Calif. : _cebrary, _d2010. _nAvailable via World Wide Web. _nAccess may be limited to ebrary affiliated libraries. |
||
| 650 | 0 |
_aMassacres _zColombia _zTolima (Dept.) |
|
| 651 | 0 |
_aColombia _xPolitics and government _y1946-1974. |
|
| 655 | 7 |
_aElectronic books. _2local |
|
| 710 | 2 | _aebrary, Inc. | |
| 856 | 4 | 0 |
_uhttp://site.ebrary.com/lib/rucke/Doc?id=10408862 _zAn electronic book accessible through the World Wide Web; click to view |
| 999 |
_c183193 _d183193 |
||